00290nam a2200109Ia 4500008004100000041000800041082001300049100001500062245006600077260002900143300000800172230627s9999 xx 000 0 und d aeng a342bJOS aJoshi .K.C aThe Employees Provident Funds Miscelloneous Provision Act1952 bCentral Law Agencyc1979 a32p